Normal view
MARC view
- Riaz, Arslan
Entry Personal Name
001 - CONTROL NUMBER
- control field: 34951
003 - CONTROL NUMBER IDENTIFIER
- control field: NUST
005 - DATE AND TIME OF LATEST TRANSACTION
- control field: 20201109143548.0
008 - FIXED-LENGTH DATA ELEMENTS
- fixed length control field: 201109|| aca||aabn | a|a d
040 ## - CATALOGING SOURCE
- Original cataloging agency: NUST
- Transcribing agency: NUST
100 ## - HEADING--PERSONAL NAME
- Personal name: Riaz, Arslan
670 ## - SOURCE DATA FOUND
- Source citation: Work cat.: (NUST): Riaz, Arslan, Novel Image Steganography with Improved Security /, 2018.
